000 01106nam a2200253 a 4500
001 000043268
005 20250909091242.0
008 140303s2011 sp 000 0 spa d
020 _a9788483471425
040 _aDO-SdBNP
_bspia
_cBNPHU
245 0 0 _aEl exilio femenino en México /
_ccompiladoras Alicia Girón y Eugenia Correa.
260 _aMadrid :
_bAgencia Española de Cooperación Internacional,
_c2011.
300 _a239 p. ;
_c24 cm.
490 1 _aAntología del pensamiento político, social y económico de América latina ;
_v15
490 1 _aCiencias y humanismo
504 _aIncluye referencias bibliográficas y notas al pie de las páginas
504 _aBibliografía : p. 225-239.
500 _aIncluye datos biográficos de los editores en al solapa de la cubierta
700 1 _aGirón García, Alicia.
_ecomp.
_970884
700 1 _aCorrea, Eugenia.
_ecomp.
_970879
710 2 _aAgencia Española de Cooperación Internacional
_934585
830 0 _aAntología del pensamiento político, social y económico de América Latina
_v15
_970880
830 0 _aCiencias y humanismo
_970218
999 _c42757
_d42757